Strength of materials / (Record no. 617350)

000 -LEADER
fixed length control field 00382nam a22001457a 4500
020 ## - INTERNATIONAL STANDARD BOOK NUMBER
Qualifying information HB.
040 ## - CATALOGING SOURCE
Transcribing agency FIZZA ISHAQ
082 ## - DEWEY DECIMAL CLASSIFICATION NUMBER
Classification number 620
Author Mark SIN
100 ## - MAIN ENTRY--PERSONAL NAME
Personal name Singer , Ferdinand L.
9 (RLIN) 134372
245 ## - TITLE STATEMENT
Title Strength of materials /
Statement of responsibility, etc. Ferdinand L. Singer.
250 ## - EDITION STATEMENT
Edition statement 2nd ED.
260 ## - PUBLICATION, DISTRIBUTION, ETC.
Place of publication, distribution, etc. New York:
Name of publisher, distributor, etc. Harper & Row,
Date of publication, distribution, etc. 1951.
300 ## - PHYSICAL DESCRIPTION
Extent 590 P. : : ill. ;
Dimensions 24 cm
942 ## - ADDED ENTRY ELEMENTS (KOHA)
Source of classification or shelving scheme
Koha item type Book
Holdings
Withdrawn status Lost status Source of classification or shelving scheme Damaged status Not for loan Permanent Location Current Location Shelving location Date acquired Total Checkouts Full call number Barcode Date last seen Price effective from Koha item type
          NUST Baluchistan Campus (NBC) NUST Baluchistan Campus (NBC) General Stacks 05/07/2026   620 SIN QD-114 05/07/2026 05/07/2026 Book
© 2023 Central Library, National University of Sciences and Technology. All Rights Reserved.